LEADER 01171nam a2200265 i 4500 001 991000125329707536 005 20020509162356.0 008 010704s1973 it ||| | lat 035 $ab11314540-39ule_inst 035 $aPARLA202283$9ExL 040 $aDip.to Filosofia$bita 082 0 $a189.4 100 0 $aTommaso :$cd'Aquino $0452087 245 10$aS. Thomae aquinatis doctoris angelici In Aristotelis libros De sensu et sensato, De memoria et reminiscentia commentarium /$ccura et studio Raymundi M. Spiazzi 260 $aTorino :$bMarietti,$c[1973?] 300 $aVIII, 129 p. ;$c25 cm. 490 0 $aOpera omnia Sancti Thomae de Aquino. Commentaria in aliorum libros 700 1 $aAristoteles 700 1 $aSpiazzi, Raimondo M. 907 $a.b11314540$b23-02-17$c01-07-02 912 $a991000125329707536 945 $aLE005IF VII G 9$g1$iLE005IFA-8131$lle005$o-$pE0.00$q-$rl$s- $t0$u0$v0$w0$x0$y.i11484226$z01-07-02 996 $aS. Thomae aquinatis doctoris angelici In Aristotelis libros De sensu et sensato, De memoria et reminiscentia commentarium$9822614 997 $aUNISALENTO 998 $ale005$b01-01-01$cm$da $e-$flat$git $h0$i1 LEADER 01572nam0 2200397 i 450 001 URB0879855 005 20251003044434.0 010 $a8814154775 010 $a9788814154775 020 $aIT$b2010-7583 100 $a20200807d2010 ||||0itac50 ba 101 | $aita$ager 102 $ait 181 1$6z01$ai $bxxxe 182 1$6z01$an 183 1$6z01$anc$2RDAcarrier 200 1 $aCodice di procedura civile tedesco$ftraduzione e presentazione a cura di Salvatore Patti 210 $aMilano$cGiuffrè$d2010 215 $aLXXIII, 729 p.$d25 cm 510 1 $aZivilprozessordnung$9URB0879856 606 $aCodice di procedura civile$xGermania$2FIR$3UFIC104069$9I 676 $a347.4305$9$v21 676 $a347.430502632$9Procedura civile. Europa centrale. Germania. Leggi singole e raccolte$v21 676 $a347.430502632$9PROCEDURA CIVILE. GERMANIA E PAESI VICINI DELL'EUROPA CENTRALE. Leggi singole e raccolte$v23 702 1$aPatti$b, Salvatore$f <1949- >$3CFIV013158 710 02$aGermania$3MILV005929$0259201 791 02$aBundesrepublik Deutschland$3MILV018940$zGermania 791 02$aDeutschland$3MILV031135$zGermania 801 3$aIT$bIT-000000$c20200807 850 $aIT-BN0095 901 $bNAP 01$cCOD $n$ 912 $aURB0879855 950 0$aBiblioteca Centralizzata di Ateneo$d 01COD (C) PAT 347.4305$e 01C 0800240595 VMA 1 v.$fB $h20120921$i20120921 977 $a 01 996 $aCodice di procedura civile tedesco$91750738 997 $aUNISANNIO